| 000 | 00926nam a22002415i 4500 | ||
|---|---|---|---|
| 001 | 169104 | ||
| 003 | ES-MaACL | ||
| 005 | 20250910063127.0 | ||
| 008 | 080813s2007 sp |||| | spa d | ||
| 017 | _aM-20.066-2007 | ||
| 020 | _a978-84-9841-097-6 | ||
| 080 | _a821.111(73)-32"18" | ||
| 100 | 1 |
_aJames, Henry, _d1843-1916 _9242228 |
|
| 245 | 1 | 3 |
_aLos amigos de los amigos _b: y otros relatos / _cHenry James ; edición y traducción del inglés de María Luisa Balseiro. |
| 260 |
_aMadrid : _bSiruela, _c2007. |
||
| 300 |
_a165 p. ; _c22 cm. |
||
| 490 | 1 |
_aLibros del tiempo ; _v253 |
|
| 505 | 8 | _aContiene: La vida privada. Owen Wingrave. La humillación de los Northmore. Un texto de Henry James sobre la literatura fantástica. | |
| 700 | 1 |
_aBalseiro, María Luisa. _925113 |
|
| 830 | 0 | 0 |
_aLibros del tiempo (Siruela) _v253 _9233603 |
| 852 | 4 |
_aES-MaACL _jL-29526 _9R.143037 |
|
| 999 |
_c169104 _d169104 |
||